000
00324cam a2200145ua 4500
003
OSt
008
250610b |||||||| |||| 00| 0 eng d
041
_a
eng
082
_a
624.1821
_b
DAY/DE
100
_a
Dayaratnam, P .
_9
7548
245
_a
Design of steel structures /
250
_a
1 /
300
_a
832 ; .
942
_c
BK
999
_c
5533
_d
5533